សត្វនៅឧទ្យានសួនសត្វ និងមជ្ឈមណ្ឌលសង្រ្គោះសត្វព្រៃ (Record no. 1424)

MARC details
000 -LEADER
fixed length control field 02054nam a22003017a 4500
005 - DATE AND TIME OF LATEST TRANSACTION
control field 20250530113829.0
020 ## - INTERNATIONAL STANDARD BOOK NUMBER
International Standard Book Number 9789996305627
040 ## - CATALOGING SOURCE
Original cataloging agency FISKH
Language of cataloging eng
Transcribing agency FISKH
Modifying agency FISKH
082 ## - DEWEY DECIMAL CLASSIFICATION NUMBER
Classification number 639.96
100 ## - MAIN ENTRY--PERSONAL NAME
Personal name Sarith, Huot
245 ## - TITLE STATEMENT
Title សត្វនៅឧទ្យានសួនសត្វ និងមជ្ឈមណ្ឌលសង្រ្គោះសត្វព្រៃ
Remainder of title ភ្នំតាម៉ៅ /
Statement of responsibility, etc. និពន្ធដោយ ហួត សារិទ្ធ និង ឃួន វិច្ឆិកា - គូររូបដោយ សេង វិសាល, ទ្រី សម្ផស្ស និង ធន់ ឌីណា - ប្រឹក្សាយោបល់ដោយ ទ្រី ស៊ីថេង
250 ## - EDITION STATEMENT
Edition statement បោះពុម្ពលើកទី ៤​ កក្កដា ២០២១
260 ## - PUBLICATION, DISTRIBUTION, ETC.
Place of publication, distribution, etc. Phnom Penh :
Name of publisher, distributor, etc. Sipar,
Date of publication, distribution, etc. 2021.
300 ## - PHYSICAL DESCRIPTION
Extent 35 pages :
Other physical details color illustrations ;
Dimensions 25 cm
490 ## - SERIES STATEMENT
Series statement ស្វែងយល់ពី
505 ## - FORMATTED CONTENTS NOTE
Formatted contents note Z <br/><br/>
520 ## - SUMMARY, ETC.
Summary, etc. នៅមជ្ឈមណ្ឌលសង្គ្រោះសត្វព្រៃ ភ្នំតាម៉ៅគេប្រមូលសត្វរងគ្រោះឬ របួសដូចជាដំរី ខ្លាឃ្មុំ ស្វា ខ្លាត្រី សត្វស្លាប និងសត្វស្លាបកម្រ មកព្យាបាល មុននឹងដោះលែងនៅក្នុងព្រៃធម្មជាតិ។
520 ## - SUMMARY, ETC.
Summary, etc. At the Phnom Tamao Wildlife Rescue Center, injured animals such as elephants, bears, monkeys, tigers, fish, birds and rare animals are treated before being released into the wild.
521 ## - TARGET AUDIENCE NOTE
Target audience note 890 <br/>
Source Lexile estimate <br/>
521 ## - TARGET AUDIENCE NOTE
Target audience note Z <br/>
Source Raz-Plus <br/>
650 ## - SUBJECT ADDED ENTRY--TOPICAL TERM
Topical term or geographic name entry element រងរបួស
Form subdivision ព្យាបាល
General subdivision ព្រលែង
650 ## - SUBJECT ADDED ENTRY--TOPICAL TERM
Topical term or geographic name entry element Injure
Form subdivision Treat
General subdivision Release
700 ## - ADDED ENTRY--PERSONAL NAME
Personal name Visal, Seng
Titles and other words associated with a name illustrator
700 ## - ADDED ENTRY--PERSONAL NAME
Personal name Samphors, Try
Titles and other words associated with a name illustrator
700 ## - ADDED ENTRY--PERSONAL NAME
Personal name Dyna, Thon
Titles and other words associated with a name illustrator
942 ## - ADDED ENTRY ELEMENTS (KOHA)
Source of classification or shelving scheme Dewey Decimal Classification
Koha item type Books
Suppress in OPAC No
999 ## -
-- 1424
-- 1424
Holdings
Withdrawn status Lost status Source of classification or shelving scheme Damaged status Not for loan Collection Home library Current library Shelving location Date acquired Total Checkouts Full call number Barcode Date last seen Copy number Price effective from Koha item type Date last checked out
    Dewey Decimal Classification     Khmer Language Books / សៀវភៅភាសាខ្មែរ Footprints International School Library Network Toul Kork Campus Footprints International School Library Network Toul Kork Campus TK Campus, Room B402, Khmer Book Case 16, Shelves 112-123 / ទូរសៀវភៅខ្មែរលេខ ១៦​ ធ្នើរ ១១២ ដល់ ១២៣ បន្ទប់ B402 សាខាទួលគោក 08/24/2023   SAR 639.96 2023-0341 08/24/2023 1 08/24/2023 Khmer Books  
    Dewey Decimal Classification     Khmer Language Books / សៀវភៅភាសាខ្មែរ Footprints International School Library Network Toul Kork Campus Footprints International School Library Network Toul Kork Campus TK Campus, Room B402, Khmer Book Case 16, Shelves 112-123 / ទូរសៀវភៅខ្មែរលេខ ១៦​ ធ្នើរ ១១២ ដល់ ១២៣ បន្ទប់ B402 សាខាទួលគោក 08/24/2023   SAR 639.96 2023-0342 08/24/2023 2 08/24/2023 Khmer Books  
    Dewey Decimal Classification     Khmer Language Books / សៀវភៅភាសាខ្មែរ Footprints International School Library Network Toul Tom Poung Campus Footprints International School Library Network Toul Kork Campus TTP Primary Khmer Bookshelves 06/27/2024 1 SAR 639.96 FISTKG3A027 01/19/2026 4 06/27/2024 Khmer Books 01/14/2026
    Dewey Decimal Classification     Khmer Language Books / សៀវភៅភាសាខ្មែរ Footprints International School Library Network Toul Kork Campus Footprints International School Library Network Toul Kork Campus TK Old Khmer Books (Rear Hallway Shelf 3) 06/27/2024   SAR 639.96 FISTKG4A082 06/27/2024 5 06/27/2024 Khmer Books  
    Dewey Decimal Classification     Khmer Language Books / សៀវភៅភាសាខ្មែរ Footprints International School Library Network Toul Tom Poung Campus Footprints International School Library Network Toul Tom Poung Campus TTP Secondary Khmer Bookshelves 08/24/2023   SAR 639.96 FISTKG3B032 10/10/2023 3 08/24/2023 Khmer Books  
    Dewey Decimal Classification     Khmer Language Books / សៀវភៅភាសាខ្មែរ Footprints International School Library Network Toul Tom Poung Campus Footprints International School Library Network Toul Tom Poung Campus TTP Primary Khmer Bookshelves 06/27/2024   SAR 639.96 2024-0893 06/27/2024 6 06/27/2024 Khmer Books  
    Dewey Decimal Classification     Khmer Language Books / សៀវភៅភាសាខ្មែរ Footprints International School Library Network Toul Tom Poung Campus Footprints International School Library Network Toul Tom Poung Campus TTP Secondary Khmer Bookshelves 03/12/2025   SAR 639.96 FIS03102 03/12/2025 7 03/12/2025 Khmer Books  
    Dewey Decimal Classification     Khmer Language Books / សៀវភៅភាសាខ្មែរ Footprints International School Library Network Toul Tom Poung Campus Footprints International School Library Network Toul Tom Poung Campus TTP Secondary Khmer Bookshelves 03/12/2025   SAR 639.96 FIS05257 03/12/2025 8 03/12/2025 Khmer Books  
    Dewey Decimal Classification     Khmer Language Books / សៀវភៅភាសាខ្មែរ Footprints International School Library Network Toul Tom Poung Campus Footprints International School Library Network Toul Tom Poung Campus TTP Secondary Khmer Bookshelves 11/28/2025   SAR 639.96 2025-4976 11/28/2025 9 11/28/2025 Khmer Books